[Event "Prague International Open"]
[Site "Prague CZE"]
[Date "2019.03.09"]
[Round "1.27"]
[White "Plischki, Sebastian"]
[Black "Staszko, Martin"]
[Result "1-0"]
[WhiteTitle "IM"]
[WhiteElo "2397"]
[BlackElo "2041"]
[WhiteFideId "4637143"]
[BlackFideId "308480"]
[EventDate "2019.03.09"]

1. c4 c5 2. Nf3 Nc6 3. Nc3 e5 4. g3 g6 5. Bg2 Bg7 6. O-O Nge7 7. a3 O-O 8. Rb1
a5 9. Ne1 d6 10. Nc2 Be6 11. Ne3 Qd7 12. Ned5 Rab8 13. d3 Bh3 14. Bd2 Bxg2 15.
Kxg2 Nxd5 16. Nxd5 b5 17. e4 b4 18. axb4 axb4 19. Qa4 Rb7 20. Ra1 Rfb8 21. Be3
Ne7 22. Qxd7 Rxd7 23. Ra6 Nxd5 24. cxd5 f5 25. b3 Rbb7 26. f3 Ra7 27. Rfa1 Rxa6
28. Rxa6 Kf7 29. Kf2 Bf6 30. Ke2 Bg7 31. f4 Bf6 32. Kf3 Ke7 33. fxe5 Bxe5 34.
Bxc5 fxe4+ 35. Kxe4 Bxg3 36. hxg3 dxc5 37. Ke5 Kf7 38. d6 h5 39. Rc6 g5 40. Rc7
Ke8 41. Ke6 1-0

[Event "Prague International Open"]
[Site "Prague CZE"]
[Date "2019.03.09"]
[Round "1.28"]
[White "Koubova, Anna Marie"]
[Black "Suarez Uriel, Adrian"]
[Result "0-1"]
[BlackTitle "IM"]
[WhiteElo "2038"]
[BlackElo "2395"]
[WhiteFideId "381470"]
[BlackFideId "22230874"]
[EventDate "2019.03.09"]

1. Nf3 Nf6 2. g3 g6 3. Bg2 Bg7 4. O-O d5 5. d3 O-O 6. Nbd2 b6 7. e4 dxe4 8. dxe4
Bb7 9. e5 Ng4 10. Re1 Qc8 11. h3 Nh6 12. e6 fxe6 13. Ne4 Nf7 14. Neg5 Nxg5 15.
Nxg5 Bxg2 16. Kxg2 Qb7+ 17. Kg1 Nc6 18. Qg4 Rf5 19. Qh4 h6 20. Nxe6 Re5 21. Bxh6
Rh5 22. Qc4 Na5 23. Qxc7 Bxh6 24. g4 Rxh3 25. Qxb7 Nxb7 26. Kg2 Rh4 27. Kg3 g5
28. Nc7 Rc8 29. Nd5 Bf8 30. Rxe7 Nc5 31. Nf6+ Kh8 32. Rxa7 Bd6+ 33. Kg2 Rh2+ 34.
Kg1 Rf8 35. Nd7 Rfxf2 36. Rd1 Rhg2+ 37. Kh1 Ne4 38. Ra8+ Kg7 0-1

[Event "Prague International Open"]
[Site "Prague CZE"]
[Date "2019.03.10"]
[Round "2.1"]
[White "Rudolf, Michal"]
[Black "Van den Doel, Erik"]
[Result "0-1"]
[WhiteTitle "FM"]
[BlackTitle "GM"]
[WhiteElo "2334"]
[BlackElo "2610"]
[WhiteFideId "1106210"]
[BlackFideId "1003720"]
[EventDate "2019.03.09"]

1. e4 e5 2. Nf3 Nc6 3. Bc4 Nf6 4. d3 Be7 5. O-O O-O 6. Re1 d6 7. a4 Na5 8. Ba2
c5 9. c3 Nc6 10. Na3 a6 11. h3 h6 12. d4 exd4 13. cxd4 d5 14. exd5 Nxd5 15. dxc5
Ndb4 16. Be3 Nxa2 17. Rxa2 Nb4 18. Ra1 Nd3 19. Re2 Nxc5 20. Qc2 Qd5 21. Nc4 Qh5
22. Nd4 Be6 23. b4 Nd7 24. Nxe6 fxe6 25. Rd1 Nf6 26. Nb6 Rad8 27. Rxd8 Rxd8 28.
Rd2 Rxd2 29. Qxd2 Qf5 30. Qb2 Qd3 31. Bc5 Qd1+ 32. Kh2 Bd6+ 33. g3 Bxc5 34. bxc5
Ne4 35. Kg2 Nd2 0-1

[Event "Prague International Open"]
[Site "Prague CZE"]
[Date "2019.03.10"]
[Round "2.2"]
[White "Sedlak, Nikola"]
[Black "Skomorokhin, Roman"]
[Result "1-0"]
[WhiteTitle "GM"]
[BlackTitle "IM"]
[WhiteElo "2605"]
[BlackElo "2323"]
[WhiteFideId "922900"]
[BlackFideId "4112610"]
[EventDate "2019.03.09"]

1. d4 Nf6 2. Nf3 d5 3. Bf4 e6 4. e3 Bd6 5. Bg3 c5 6. Bb5+ Nc6 7. c3 O-O 8. Nbd2
Qc7 9. dxc5 Bxg3 10. hxg3 e5 11. e4 dxe4 12. Ng5 e3 13. fxe3 Ne7 14. Nde4 Nxe4
15. Nxe4 Bf5 16. Qd6 Rac8 17. Bd3 Bxe4 18. Bxe4 f5 19. Bd5+ Nxd5 20. Qxd5+ Kh8
21. O-O-O Qxc5 22. Qxc5 Rxc5 23. Rd7 Rb5 24. a4 Rb6 25. a5 Rb5 26. b4 h6 27. Kb2
e4 28. Kb3 Rb8 29. Rhd1 Kh7 30. Rc7 1-0

[Event "Prague International Open"]
[Site "Prague CZE"]
[Date "2019.03.10"]
[Round "2.3"]
[White "Gajic, Mladen"]
[Black "Zubov, Alexander"]
[Result "0-1"]
[WhiteTitle "FM"]
[BlackTitle "GM"]
[WhiteElo "2322"]
[BlackElo "2605"]
[WhiteFideId "1709178"]
[BlackFideId "14109409"]
[EventDate "2019.03.09"]

1. d4 d6 2. e4 g6 3. Nc3 Bg7 4. Be3 a6 5. Qd2 Nd7 6. O-O-O b5 7. h4 h6 8. Kb1
Bb7 9. f3 c5 10. dxc5 dxc5 11. f4 b4 12. Na4 Ngf6 13. Nxc5 Nxc5 14. Qxd8+ Rxd8
15. Rxd8+ Kxd8 16. Bxc5 Nxe4 17. Bb6+ Kd7 18. Nf3 Ng3 19. Rg1 Bxf3 20. gxf3 Nxf1
21. Rxf1 Kc6 22. Ba5 Rb8 23. Re1 Rb5 24. Bd8 e6 25. Kc1 Rd5 26. Be7 a5 27. Re4
Rd7 0-1

[Event "Prague International Open"]
[Site "Prague CZE"]
[Date "2019.03.10"]
[Round "2.4"]
[White "Bernadskiy, Vitaliy"]
[Black "Malik, Jan"]
[Result "1-0"]
[WhiteTitle "GM"]
[BlackTitle "FM"]
[WhiteElo "2581"]
[BlackElo "2304"]
[WhiteFideId "14100371"]
[BlackFideId "317500"]
[EventDate "2019.03.09"]

1. e4 c5 2. Nf3 d6 3. Bb5+ Bd7 4. Bxd7+ Qxd7 5. O-O Nf6 6. Qe2 Nc6 7. c3 e6 8.
d4 cxd4 9. cxd4 d5 10. e5 Ne4 11. Be3 Be7 12. Ne1 f6 13. f3 Ng5 14. Nd3 O-O 15.
Nd2 b6 16. a3 Rac8 17. Rae1 fxe5 18. dxe5 Nf7 19. f4 Nh6 20. g4 d4 21. Bf2 Na5
22. h3 Rc2 23. Qd1 Rfc8 24. Re4 Qb5 25. Nf3 Nb3 26. Nxd4 Nxd4 27. Rxd4 Nf7 28.
a4 Qb3 29. Rd7 Bc5 30. Nxc5 R8xc5 31. f5 Rd5 32. Rxd5 exd5 33. Re1 Ng5 34. Re3
Qc4 35. Qd3 Rc1+ 36. Kg2 Qc6 37. Qd4 Rc4 38. Rc3 Qb7 39. Rxc4 dxc4+ 40. Kf1 Qh1+
41. Ke2 Qf3+ 42. Kd2 h6 43. Be3 Ne4+ 44. Kc2 Qe2+ 45. Kb1 Qd3+ 46. Qxd3 cxd3 47.
Kc1 Kf7 48. b4 Ke7 49. b5 Kd7 50. h4 Ke8 51. Bd4 Ke7 52. h5 Kf7 53. e6+ Kf8 54.
Be5 Nf2 55. Kd2 Nxg4 56. Bb8 Ke7 57. Kxd3 1-0

[Event "Prague International Open"]
[Site "Prague CZE"]
[Date "2019.03.10"]
[Round "2.5"]
[White "Kueppers, Timo"]
[Black "Vorobiov, Evgeny E."]
[Result "1-0"]
[WhiteTitle "FM"]
[BlackTitle "GM"]
[WhiteElo "2303"]
[BlackElo "2566"]
[WhiteFideId "16205820"]
[BlackFideId "4121341"]
[EventDate "2019.03.09"]

1. c4 Nf6 2. Nc3 e6 3. Nf3 d5 4. cxd5 exd5 5. d4 Bb4 6. Qa4+ Nc6 7. Bg5 h6 8.
Bh4 g5 9. Bg3 Ne4 10. Rc1 h5 11. Ne5 Bd7 12. Nxd7 Qxd7 13. f3 Bxc3+ 14. bxc3
Nxg3 15. hxg3 Qd6 16. Kf2 h4 17. gxh4 Rxh4 18. Rxh4 gxh4 19. e3 Qg3+ 20. Ke2
O-O-O 21. Rb1 Rd6 22. Qb5 Nd8 23. Qd3 Rf6 24. Qh7 c6 25. Qh5 Re6 26. Qf5 Kc7 27.
Rc1 Re7 28. Rc2 b5 29. a4 bxa4 30. c4 h3 31. gxh3 Qh2+ 32. Kd3 Qg1 33. Qf4+ Kb7
34. Be2 Ne6 35. Rb2+ Ka6 36. Qd6 Nc5+ 37. Kc2 1-0

[Event "Prague International Open"]
[Site "Prague CZE"]
[Date "2019.03.10"]
[Round "2.6"]
[White "Stefansson, Hannes"]
[Black "Yandarbiev, Ruslan"]
[Result "1-0"]
[WhiteTitle "GM"]
[BlackTitle "IM"]
[WhiteElo "2523"]
[BlackElo "2302"]
[WhiteFideId "2300087"]
[BlackFideId "4115023"]
[EventDate "2019.03.09"]

1. d4 Nf6 2. c4 g6 3. g3 Bg7 4. Bg2 d6 5. Nf3 O-O 6. O-O Nbd7 7. Nc3 e5 8. e4 c6
9. b3 exd4 10. Nxd4 Re8 11. h3 Nc5 12. Re1 a5 13. Bf4 Nh5 14. Be3 Nf6 15. Qc2
Bd7 16. f4 Nfxe4 17. Nxe4 Nxe4 18. Bxe4 f5 19. Bxc6 Bxc6 20. Nxc6 bxc6 21. Rad1
Qd7 22. Qd3 Re6 23. Bf2 Rae8 24. Kf1 Qb7 25. Rxe6 Rxe6 26. Re1 Kf7 27. Qf3 d5
28. Rxe6 Kxe6 29. Qe3+ Kf7 30. Qc5 a4 31. bxa4 Qb1+ 32. Kg2 Qe4+ 33. Kg1 dxc4
34. a5 c3 35. a6 c2 36. a7 Bd4 37. Qc4+ Qd5 38. Qxc2 Bxf2+ 39. Qxf2 Qa5 40. Qd4
Qe1+ 41. Kg2 Qe2+ 42. Qf2 Qa6 43. g4 h6 44. gxf5 gxf5 45. a3 Qxa3 46. Qb6 Qa4
47. Kg3 Qa3+ 48. Kf2 Qa2+ 49. Ke3 Qe6+ 50. Kd2 Qa2+ 51. Kd3 Qd5+ 52. Kc3 Qf3+
53. Kb2 Qe2+ 54. Ka3 Qe7+ 55. Ka4 Qe4+ 56. Ka5 c5 57. Ka6 Qa4+ 58. Kb7 Qe4+ 59.
Qc6 Qb4+ 60. Kc8 1-0

[Event "Prague International Open"]
[Site "Prague CZE"]
[Date "2019.03.10"]
[Round "2.7"]
[White "Belous, Mikhail"]
[Black "Sivuk, Vitaly"]
[Result "1/2-1/2"]
[WhiteTitle "FM"]
[BlackTitle "GM"]
[WhiteElo "2300"]
[BlackElo "2514"]
[WhiteFideId "14127555"]
[BlackFideId "14116502"]
[EventDate "2019.03.09"]

1. d4 Nf6 2. c4 e6 3. Nf3 d5 4. Nc3 c6 5. e3 Nbd7 6. b3 Bd6 7. Bb2 O-O 8. Bd3 b6
9. O-O Bb7 10. Qe2 Re8 11. Rfd1 Qb8 12. h3 a6 13. Rac1 b5 14. c5 Bc7 15. b4 e5
16. dxe5 Nxe5 17. Nxe5 Bxe5 18. Qc2 a5 19. a3 Bc8 20. Ra1 a4 21. Re1 Ra7 22. e4
d4 23. Ne2 Rd8 24. g3 Bxh3 25. f4 g5 26. fxe5 Qxe5 27. Rf1 Re7 28. Rf2 Nh5 29.
Kh2 Bg4 30. Rg1 Re6 31. Kg2 Nf6 32. Rgf1 Nxe4 33. Bxe4 Qxe4+ 34. Qxe4 Rxe4 35.
Nxd4 Rexd4 36. Bxd4 Rxd4 37. Rxf7 Be6 38. Rc7 Bd5+ 39. Kf2 Rd3 40. Re1 Rf3+ 41.
Kg1 Rxg3+ 42. Kh2 Rg2+ 43. Kh3 Kf8 44. Ree7 Ra2 45. Rxh7 Rxa3+ 46. Kg4 Kg8 47.
Rcg7+ Kf8 48. Ra7 Kg8 49. Rhg7+ Kf8 50. Rgb7 Re3 51. Kxg5 Re5+ 52. Kf6 Re6+ 53.
Kf5 Re3 54. Kf4 Rf3+ 55. Ke5 Re3+ 56. Kd4 Re4+ 57. Kd3 Re8 58. Rd7 Re5 59. Rd8+
Re8 60. Rxd5 cxd5 61. Kd4 Re7 62. Ra8+ Re8 63. Ra7 Re7 64. Ra8+ Re8 1/2-1/2

[Event "Prague International Open"]
[Site "Prague CZE"]
[Date "2019.03.10"]
[Round "2.8"]
[White "Popovic, Dusan"]
[Black "Goluch, Piotr"]
[Result "0-1"]
[WhiteTitle "GM"]
[BlackTitle "FM"]
[WhiteElo "2511"]
[BlackElo "2300"]
[WhiteFideId "927031"]
[BlackFideId "1137840"]
[EventDate "2019.03.09"]

1. e4 c6 2. d4 d5 3. e5 Bf5 4. h4 h5 5. Bd3 Bxd3 6. Qxd3 Qa5+ 7. Nd2 e6 8. Nf3
Nd7 9. O-O Nh6 10. c4 Nf5 11. a3 Qa6 12. Qc2 Be7 13. g3 dxc4 14. Nxc4 Nb6 15.
Ne3 Nxe3 16. fxe3 Qc4 17. Qxc4 Nxc4 18. e4 f5 19. exf6 gxf6 20. b3 Nd6 21. Re1
Rg8 22. Bf4 O-O-O 23. a4 Nf7 24. Rac1 e5 25. dxe5 fxe5 26. Nxe5 Nxe5 27. Bxe5
Rd3 28. Kh2 Rxb3 29. Rf1 Rb4 30. Rf5 Rxa4 31. Rxh5 Rxe4 32. Rd1 a5 33. Rf5 Bxh4
34. Bf4 Bd8 35. Rf7 Re7 36. Rf5 Rd7 37. Rc1 Bc7 38. Bxc7 Kxc7 39. Rxa5 Rd3 40.
Rg1 b5 41. Ra7+ Kb6 42. Rh7 b4 43. g4 Rg5 0-1

[Event "Prague International Open"]
[Site "Prague CZE"]
[Date "2019.03.10"]
[Round "2.9"]
[White "Kriebel, Tadeas"]
[Black "Pettersson, Lars-Erik"]
[Result "1-0"]
[WhiteTitle "IM"]
[BlackTitle "FM"]
[WhiteElo "2507"]
[BlackElo "2295"]
[WhiteFideId "330027"]
[BlackFideId "1700634"]
[EventDate "2019.03.09"]

1. e4 e5 2. Nf3 d6 3. d4 exd4 4. Nxd4 Nf6 5. Nc3 g6 6. Bf4 Bg7 7. Qd2 Nc6 8.
Nxc6 bxc6 9. Bh6 O-O 10. Bxg7 Kxg7 11. O-O-O Re8 12. f3 Be6 13. g4 Rb8 14. h4
Kg8 15. h5 Nd7 16. g5 Nf8 17. f4 Bg4 18. Be2 Bxe2 19. Qxe2 d5 20. Qf3 d4 21. e5
dxc3 22. Rxd8 cxb2+ 23. Kb1 Rexd8 24. hxg6 Nxg6 25. Qh5 Nf8 26. f5 Rd5 27. f6 1-0

[Event "Prague International Open"]
[Site "Prague CZE"]
[Date "2019.03.10"]
[Round "2.10"]
[White "Chittka, Julius"]
[Black "Stany, G.A."]
[Result "1/2-1/2"]
[BlackTitle "IM"]
[WhiteElo "2288"]
[BlackElo "2507"]
[WhiteFideId "12954772"]
[BlackFideId "5029104"]
[EventDate "2019.03.09"]

1. Nf3 Nf6 2. b3 g6 3. Bb2 Bg7 4. g3 O-O 5. Bg2 d6 6. d4 c5 7. O-O Ne4 8. Nbd2
d5 9. c4 cxd4 10. Nxe4 dxe4 11. Nxd4 Qb6 12. e3 f5 13. Qc2 Na6 14. a3 e5 15. Nb5
Be6 16. Rfd1 Rfd8 17. Bf1 Nc5 18. b4 Nd3 19. Bxd3 exd3 20. Rxd3 Rxd3 21. Qxd3
Qc6 22. Qd6 Bxc4 23. Qxc6 bxc6 24. Nd6 Be2 25. f4 exf4 26. Bxg7 Kxg7 27. exf4
Rd8 28. Re1 1/2-1/2

[Event "Prague International Open"]
[Site "Prague CZE"]
[Date "2019.03.10"]
[Round "2.11"]
[White "Gasanov, Eldar"]
[Black "Simek, Petr2"]
[Result "1-0"]
[WhiteTitle "GM"]
[BlackTitle "FM"]
[WhiteElo "2500"]
[BlackElo "2290"]
[WhiteFideId "14104466"]
[BlackFideId "319260"]
[EventDate "2019.03.09"]

1. Nf3 d5 2. g3 c5 3. Bg2 Nf6 4. O-O g6 5. c4 Bg7 6. cxd5 Nxd5 7. d4 cxd4 8.
Nxd4 O-O 9. Nb5 Be6 10. Nd4 Bc8 11. Nc3 Nxc3 12. bxc3 Qc7 13. Qb3 Nc6 14. Rd1
Bd7 15. Rb1 Na5 16. Qb4 Rac8 17. Qxe7 Ba4 18. Qxc7 Rxc7 19. Rd3 Rfc8 20. Bd2 b6
21. Bh3 Bd7 22. Bxd7 Rxd7 23. Nb5 Re7 24. Bg5 f6 25. Nd6 Rc6 26. Be3 f5 27. Rbd1
Rxc3 28. Rxc3 Bxc3 29. Rc1 Be5 30. Rc8+ Kg7 31. Nb5 Rd7 32. Kg2 Kf7 33. h4 h5
34. Kf3 Kg7 35. Bf4 Bxf4 36. Kxf4 Re7 37. e3 Re4+ 38. Kf3 Re7 39. Nc3 Nb7 40.
Nd5 Rd7 41. Nf4 Na5 42. e4 fxe4+ 43. Kxe4 Kf7 44. Nd3 Re7+ 45. Ne5+ Kf6 46. f4
b5 47. Rg8 Rg7 48. Rb8 Rb7 49. Rg8 Rg7 50. Rc8 Rb7 51. Kd5 a6 52. Ra8 1-0

[Event "Prague International Open"]
[Site "Prague CZE"]
[Date "2019.03.10"]
[Round "2.12"]
[White "Vybiral, Zdenek"]
[Black "Kashlinskaya, Alina"]
[Result "1/2-1/2"]
[BlackTitle "IM"]
[WhiteElo "2274"]
[BlackElo "2470"]
[WhiteFideId "305200"]
[BlackFideId "4198026"]
[EventDate "2019.03.09"]

1. d4 d5 2. c4 e6 3. Nc3 Bb4 4. a3 Bxc3+ 5. bxc3 Nf6 6. f3 O-O 7. cxd5 exd5 8.
e3 c5 9. Bd3 b6 10. Ne2 Ba6 11. O-O Bxd3 12. Qxd3 Nc6 13. Ng3 Re8 14. Bb2 h5 15.
Rae1 h4 16. Nf5 h3 17. g4 Qd7 18. e4 dxe4 19. fxe4 Ne7 20. g5 Nh7 21. Qxh3 Nxf5
22. Qxf5 Qxf5 23. Rxf5 g6 24. Rd5 cxd4 25. cxd4 Rac8 26. Re2 f5 27. e5 Nxg5 28.
Rd7 f4 29. d5 f3 30. Rd2 Ne4 31. e6 Nxd2 32. Rg7+ Kf8 33. Rf7+ Kg8 34. Rg7+ Kf8
35. Rf7+ Kg8 1/2-1/2

[Event "Prague International Open"]
[Site "Prague CZE"]
[Date "2019.03.10"]
[Round "2.13"]
[White "Rasik, Vitezslav"]
[Black "Henni, Mohamed"]
[Result "1-0"]
[WhiteTitle "GM"]
[BlackTitle "IM"]
[WhiteElo "2463"]
[BlackElo "2282"]
[WhiteFideId "300306"]
[BlackFideId "7900171"]
[EventDate "2019.03.09"]

1. e4 e5 2. Nf3 Nc6 3. Bb5 Nf6 4. d3 Bd6 5. O-O O-O 6. Nbd2 a6 7. Bxc6 dxc6 8.
d4 Nd7 9. Nc4 exd4 10. Qxd4 Bc5 11. Qd3 Nb6 12. Be3 Qe7 13. Nxb6 cxb6 14. h3 Be6
15. Bxc5 bxc5 16. Qc3 Rfd8 17. Rfd1 Rd6 18. Rxd6 Qxd6 19. a4 a5 20. Re1 b5 21.
Re2 Qd1+ 22. Re1 Qd6 23. Re2 Qd1+ 24. Qe1 Rd8 25. Qxd1 Rxd1+ 26. Re1 Rd6 27. Ra1
b4 28. Kf1 f6 29. Ke2 Kf7 30. Rd1 Ke7 31. Rxd6 Kxd6 32. Ke3 c4 33. c3 c5 34. Nd2
g5 35. f4 h6 36. g3 Kc6 37. h4 gxh4 38. gxh4 Kd6 39. Kf3 Kc6 40. Ke3 Kd6 41. f5
Bg8 42. Kf4 Bf7 43. Nf3 Be8 44. e5+ Ke7 45. Nd2 Bxa4 46. Nxc4 Bc6 47. Nxa5 Bg2
48. Nb3 bxc3 49. bxc3 c4 50. Nd2 Bd5 51. Ne4 1-0

[Event "Prague International Open"]
[Site "Prague CZE"]
[Date "2019.03.10"]
[Round "2.14"]
[White "Gayun, Dmytro"]
[Black "Butkiewicz, Lukasz"]
[Result "1/2-1/2"]
[WhiteTitle "FM"]
[BlackTitle "IM"]
[WhiteElo "2260"]
[BlackElo "2447"]
[WhiteFideId "14141434"]
[BlackFideId "1122428"]
[EventDate "2019.03.09"]

1. d4 Nf6 2. c4 e6 3. Nc3 Bb4 4. Qc2 O-O 5. Nf3 d6 6. g3 b6 7. Bg2 Bb7 8. O-O
Bxc3 9. Qxc3 Nbd7 10. b3 Qe7 11. Bb2 Rfe8 12. Rad1 Rac8 13. Rfe1 h6 14. d5 e5
15. e4 a5 16. Re2 Ra8 17. Ne1 Nc5 18. Nd3 Nfd7 19. a3 Nxd3 20. Qxd3 Nc5 21. Qe3
Qg5 22. b4 Nd7 23. Qxg5 hxg5 24. Bc1 axb4 25. axb4 Ra4 26. Rb2 Ra1 27. Bf3 Nf6
28. h3 Rea8 29. Rf1 R8a3 30. Be3 Rxf1+ 31. Kxf1 Ba6 32. Rc2 Rb3 33. b5 Bc8 34.
g4 Ra3 35. Kg2 Nh7 36. Bd1 f6 37. Rb2 Kf7 38. Rb4 Nf8 39. Ra4 Rxa4 40. Bxa4 Ng6
41. f3 Nh4+ 42. Kf2 Ng6 43. Bc2 Nf4 44. Bxf4 exf4 45. Ke2 Ke7 1/2-1/2

[Event "Prague International Open"]
[Site "Prague CZE"]
[Date "2019.03.10"]
[Round "2.15"]
[White "Stachowiak, Kamil"]
[Black "Docekal, Jan"]
[Result "1-0"]
[WhiteTitle "IM"]
[WhiteElo "2433"]
[BlackElo "2269"]
[WhiteFideId "1119966"]
[BlackFideId "320625"]
[EventDate "2019.03.09"]

1. Nf3 c5 2. g3 g6 3. Bg2 Bg7 4. O-O Nf6 5. c4 O-O 6. d4 cxd4 7. Nxd4 Nc6 8. Nc3
d6 9. Nc2 Be6 10. b3 Qd7 11. Re1 h5 12. Bb2 Bh3 13. Nd5 Nxd5 14. Bxg7 Kxg7 15.
cxd5 Bxg2 16. Kxg2 Ne5 17. f4 Ng4 18. h3 Nf6 19. e4 Rac8 20. Re3 Rc5 21. Nd4
Rfc8 22. Qd2 Qc7 23. Ree1 h4 24. f5 Rc3 25. fxg6 Rxg3+ 26. Kh2 Qc3 27. Nf5+ Kf8
28. g7+ Ke8 29. Qxc3 Rgxc3 30. e5 Rc2+ 31. Kg1 Ng8 32. exd6 e6 33. dxe6 fxe6 34.
Rxe6+ Kf7 35. Re3 R8c5 36. Rf1 Kg6 37. d7 Rd2 38. Re6+ Kh7 39. Rd6 1-0

[Event "Prague International Open"]
[Site "Prague CZE"]
[Date "2019.03.10"]
[Round "2.16"]
[White "Rodshtein, Tereza"]
[Black "Cernousek, Lukas"]
[Result "0-1"]
[WhiteTitle "WGM"]
[BlackTitle "IM"]
[WhiteElo "2254"]
[BlackElo "2429"]
[WhiteFideId "325449"]
[BlackFideId "311707"]
[EventDate "2019.03.09"]

1. e4 c5 2. Nf3 d6 3. d4 Nf6 4. Nc3 cxd4 5. Nxd4 a6 6. Bc4 e6 7. Bb3 b5 8. Bg5
Be7 9. Qf3 Qb6 10. O-O-O Nbd7 11. Rhe1 O-O 12. Qg3 Nc5 13. f4 Bb7 14. Bh6 Ne8
15. f5 Kh8 16. Be3 e5 17. Nf3 Nxb3+ 18. cxb3 Qc7 19. Kb1 b4 20. Nd5 Bxd5 21.
exd5 Nf6 22. Bg5 Rac8 23. Qf2 Qd7 24. Nh4 Rc5 25. Bxf6 Bxf6 26. g4 Qb7 27. Ng2
Rxd5 28. Ne3 Rxd1+ 29. Rxd1 Qe4+ 30. Ka1 Bg5 31. Nc4 Qxg4 32. Rxd6 Qf4 33. Qe1
Qxf5 34. Nxe5 Bf4 35. Rd5 Qe6 36. Qxb4 Re8 0-1

[Event "Prague International Open"]
[Site "Prague CZE"]
[Date "2019.03.10"]
[Round "2.17"]
[White "Souleidis, Georgios"]
[Black "Slampa, Jan"]
[Result "1-0"]
[WhiteTitle "IM"]
[WhiteElo "2423"]
[BlackElo "2255"]
[WhiteFideId "4206827"]
[BlackFideId "332330"]
[EventDate "2019.03.09"]

1. e4 c5 2. Nc3 e6 3. Nf3 a6 4. d4 cxd4 5. Nxd4 Nc6 6. Nxc6 bxc6 7. Bd3 d5 8.
O-O Nf6 9. Qe2 Be7 10. b3 a5 11. Bb2 O-O 12. Na4 Bb7 13. c4 dxc4 14. Bxc4 c5 15.
e5 Nd5 16. f4 g6 17. Rad1 Qc7 18. Rd3 h5 19. f5 Bg5 20. Rg3 Nf4 21. Qc2 Bh6 22.
fxg6 fxg6 23. Rxf4 Rxf4 24. Qxg6+ Bg7 25. Qxe6+ Kh8 26. Qg6 1-0

[Event "Prague International Open"]
[Site "Prague CZE"]
[Date "2019.03.10"]
[Round "2.18"]
[White "Petrova, Kristyna"]
[Black "Shagbazyan, Taron"]
[Result "1/2-1/2"]
[WhiteTitle "WIM"]
[BlackTitle "FM"]
[WhiteElo "2240"]
[BlackElo "2421"]
[WhiteFideId "309672"]
[BlackFideId "14122073"]
[EventDate "2019.03.09"]

1. c4 e5 2. Nc3 Nf6 3. Nf3 Nc6 4. e3 d6 5. d4 exd4 6. Nxd4 g6 7. b3 Bg7 8. Bb2
O-O 9. Be2 Re8 10. Nxc6 bxc6 11. Qd2 Bb7 12. Bf3 Qc8 13. O-O c5 14. Bxb7 Qxb7
15. Rfe1 Ne4 16. Nxe4 Qxe4 17. Bxg7 Kxg7 18. f3 Qe5 19. e4 a5 20. Rad1 a4 21. f4
Qf6 22. Qf2 axb3 23. axb3 Re6 24. e5 dxe5 25. fxe5 Rxe5 26. Qxf6+ Kxf6 27. Rxe5
Kxe5 28. Rd5+ Ke6 29. Rxc5 Rb8 30. Rxc7 Rxb3 31. Kf2 h5 32. h4 Rc3 33. g3 f6 34.
Rc5 Kd6 35. Rd5+ Ke6 36. Rc5 Kd6 37. Rd5+ Ke6 1/2-1/2

[Event "Prague International Open"]
[Site "Prague CZE"]
[Date "2019.03.10"]
[Round "2.19"]
[White "Nguyen, Piotr"]
[Black "Afanasiev, Vadim"]
[Result "1-0"]
[WhiteTitle "IM"]
[BlackTitle "FM"]
[WhiteElo "2419"]
[BlackElo "2248"]
[WhiteFideId "1127993"]
[BlackFideId "4128257"]
[EventDate "2019.03.09"]

1. e4 e5 2. Nf3 Nc6 3. Bc4 g6 4. c3 Bg7 5. d4 d6 6. O-O h6 7. Na3 a6 8. Nc2 Nge7
9. Be3 exd4 10. Nfxd4 Ne5 11. Be2 d5 12. f4 Nc4 13. Bxc4 dxc4 14. Qf3 Qd7 15. f5
Ng8 16. Rad1 Qe7 17. e5 gxf5 18. Nc6 bxc6 19. Qxc6+ Bd7 20. Qxa8+ Qd8 21. Qxd8+
Kxd8 22. Rxf5 Ke8 23. Rxd7 1-0

[Event "Prague International Open"]
[Site "Prague CZE"]
[Date "2019.03.10"]
[Round "2.20"]
[White "Jedlicka, Ales"]
[Black "Bakhmatsky, Vladislav"]
[Result "0-1"]
[WhiteTitle "FM"]
[WhiteElo "2238"]
[BlackElo "2419"]
[WhiteFideId "304824"]
[BlackFideId "14124890"]
[EventDate "2019.03.09"]

1. d4 Nf6 2. c4 g6 3. Nf3 Bg7 4. g3 O-O 5. Bg2 d6 6. O-O Nc6 7. Nc3 a6 8. b3 Rb8
9. Nd5 Nh5 10. Bb2 e6 11. Nc3 Ne7 12. Rc1 b5 13. cxb5 axb5 14. Qc2 f5 15. e3 Bb7
16. a3 b4 17. axb4 Ba8 18. Rfd1 Qd7 19. b5 Nf6 20. Nd2 Bxg2 21. Kxg2 Ned5 22.
Ndb1 g5 23. Re1 f4 24. exf4 gxf4 25. Na3 f3+ 26. Kh1 Nb4 27. Qd2 e5 28. g4 Nxg4
29. Rg1 Nd3 30. Rxg4 Qxg4 31. Rg1 Qxd4 32. Nd1 Nxb2 33. Qxd4 exd4 34. Nxb2 Rf5
35. Nd3 Ra8 36. Nc2 Kf7 0-1

[Event "Prague International Open"]
[Site "Prague CZE"]
[Date "2019.03.10"]
[Round "2.40"]
[White "Kalinowska, Zuzanna"]
[Black "Gschnitzer, Adrian"]
[Result "1/2-1/2"]
[BlackTitle "FM"]
[WhiteElo "2062"]
[BlackElo "2364"]
[WhiteFideId "1195026"]
[BlackFideId "1270337"]
[EventDate "2019.03.09"]

1. d4 Nf6 2. c4 c5 3. d5 b5 4. cxb5 a6 5. bxa6 g6 6. Nc3 Bxa6 7. Nf3 Bg7 8. e4
Bxf1 9. Kxf1 d6 10. g3 O-O 11. Kg2 Nbd7 12. Re1 Ra6 13. a4 Qa8 14. Ra3 Rb8 15.
Nb5 Ne8 16. Nd2 e6 17. dxe6 fxe6 18. Qg4 Nf8 19. Rd3 d5 20. b3 Nd7 21. exd5 Ne5
22. Rxe5 Bxe5 23. Nf3 Bg7 24. d6 Rc6 1/2-1/2

[Event "Prague International Open"]
[Site "Prague CZE"]
[Date "2019.03.10"]
[Round "2.44"]
[White "Svanda, Ondrej"]
[Black "Slabicki, Andrzej"]
[Result "1-0"]
[WhiteTitle "FM"]
[WhiteElo "2298"]
[BlackElo "1940"]
[WhiteFideId "359670"]
[BlackFideId "1130714"]
[EventDate "2019.03.09"]

1. e4 e5 2. Nf3 Nc6 3. Bb5 Nd4 4. Nxd4 exd4 5. O-O g6 6. c3 Bg7 7. e5 c6 8. Bc4
Ne7 9. cxd4 Qb6 10. Qe2 Qxd4 11. Re1 b5 12. Bb3 Bb7 13. Na3 Qb6 14. d4 O-O 15.
Be3 Nf5 16. Nc2 a5 17. a3 Rae8 18. Qd3 c5 19. dxc5 Qc6 20. Qf1 Bxe5 21. Rad1
Nxe3 22. Nxe3 Qxc5 23. Rxd7 Bc6 24. Rd2 Bb8 25. Nd5 Kg7 26. g3 Rxe1 27. Qxe1 Rd8
28. Rc2 Rxd5 29. Rxc5 Rxc5 30. h3 a4 31. Bd1 Be5 32. Qe3 Rd5 33. Bf3 Bd4 34. Qf4
Be5 35. Qc1 1-0